000 00493nam a22001577a 4500
003 macl
005 20240104131238.0
008 240104b |||||||| |||| 00| 0 eng d
040 _cmacl
082 _a150
100 _aसदगुरू
_982038
245 _aइनर इंजीनियरिंग आनंदमय जीवन के सूत्र
260 _aहरियाणा
_bपेंगुइन
_c2019
650 _aमनोविज्ञान
942 _2ddc
_cHIN
999 _c66571
_d66571